| 000 | 00739cam a2200217 a 4500 | ||
|---|---|---|---|
| 020 | _a9780073051628 | ||
| 040 | _cDLC | ||
| 082 | _a591 HIL 2009 A061 Or. | ||
| 100 | 1 | _aLytle, Charles F. | |
| 245 | 1 | 0 | _aGeneral zoology laboratory guide / |
| 250 | _a15th ed. | ||
| 260 |
_aBoston : _bMcGraw Hill Higher Education, _cc2009. |
||
| 300 |
_axxiv, 376 p. : _bill. (chiefly col.) ; _c28 cm. |
||
| 500 | _aRev. ed. of: General zoology laboratory guide / by J.E. Wodsedalek. | ||
| 650 | 0 | _aZoology | |
| 700 | 1 | _aMeyer, John R. | |
| 700 | 1 | _aWodsedalek, Jerry Edward, | |
| 856 | 4 | 1 | _uhttp://www.loc.gov/catdir/enhancements/fy1009/2010286007-t.html |
| 856 | 4 | 2 | _uhttp://www.loc.gov/catdir/enhancements/fy1009/2010286007-d.html |
| 942 | _cEK | ||
| 999 |
_c14943 _d14943 |
||